Buildings by Silhouette - Map Quiz - Statistics

General Stats
  • This quiz has been taken 161 times
  • The average score is 7 of 10
Answers on the Map
Answers color-coded by a green-red scale on the quiz's map according to % correct below.
 
Answer Stats
Answer % Correct
Burj Khalifa
92%
Eiffel Tower
91%
Empire State Building
79%
Petronas Tower
70%
CN Tower
67%
Taipei 101
67%
Ostankino Television Tower
51%
Wills Tower
50%
Canton Tower
48%
Chrysler Building
48%
No matching quizzes found
Score Distribution
Percent of People with Each Score
Percentile by Number Answered
Your Score History
You have not taken this quiz